00358nam a2200145Ia 4500003000400000008004100004040001600045082001300061100001900074245002900093260003100122300000800153650003500161650001600196GCL140319s9999 xx 000 0 eng d aGCL / cGCL04a927bC G1 aCLOULAS, ANNIE10aGRECO / cCLOULAS, ANNIE a[S.N] : bFAYARD ، c1993 a20304aGRECO ROMAN PERIOD, 332 B.C- 604aBIOGRAPHIES